| 000 | 00872nam a2200253Ia 4500 | ||
|---|---|---|---|
| 003 | OSt | ||
| 005 | 20221005112117.0 | ||
| 006 | a|||||r|||| 00| 0 | ||
| 007 | ta | ||
| 008 | 221004b |||||||| |||| 00| 0 pan d | ||
| 020 |
_a9788171436019 (hbk) _cIndian Rupees 160 |
||
| 024 | _a38624 | ||
| 037 |
_bGift, 16/07/2018, _cTextual |
||
| 040 |
_aCRL _cCRL _bpan |
||
| 041 |
_2pan _apan |
||
| 082 | _aP:3, 153Q3 | ||
| 100 | _aਸਲਵਾਨ, ਮਿੰਨੀ, ਂਚ. | ||
| 245 | 0 | _aਰੂਪਾਂਤਰੀ ਪ੍ਰਜਨਕ ਵਿਆਕਰਨ | |
| 260 |
_aਅੰਮਿ਼ਤਸਰ _bਰਵੀ ਸਾਹਿਤ ਪ੍ਰਕਾFਨ ਭਾਰਤ _c2013 |
||
| 300 |
_a136ਪ0 _ccm. |
||
| 650 | _aਪੰਜਾਬੀ ਪਤਰ | ||
| 942 |
_hP:3, 153Q3 _cTEXL _2cc |
||
| 999 |
_c1023857 _d1023857 |
||